[Event "SUI-ch U14"]
[Site "Cham"]
[Date "2014.07.06"]
[Round "7"]
[White "Sriram, Pranav"]
[Black "Stijve, Theo"]
[Result "1/2-1/2"]
[WhiteElo "1830"]
[BlackElo "1680"]
[PlyCount "63"]
[EventDate "2014.07.03"]
[EventType "swiss"]
[EventRounds "7"]
[EventCountry "SUI"]
[SourceTitle "CBM 161 Extra"]
[Source "ChessBase"]
[SourceDate "2014.08.29"]
[SourceVersion "1"]
[SourceVersionDate "2014.08.29"]
[SourceQuality "1"]

1. d4 d5 2. Bf4 Nf6 3. e3 e6 4. Nd2 c5 5. Ngf3 Nbd7 6. c3 Be7 7. Bd3 b6 8. 0-0 Bb7 9. Re1 0-0 10. h3 Ne4 11. Bxe4 dxe4 12. Ne5 Nxe5 13. Bxe5 Bd6 14. Bxd6 Qxd6 15. Nf1 Ba6 16. Ng3 Bd3 17. Qg4 f5 18. Qg5 Qd8 19. Qf4 Rc8 20. Ne2 Qc7 21. Qxc7 Rxc7 22. Nf4 Kf7 23. Nxd3 exd3 24. Rad1 c4 25. f4 h5 26. h4 a5 27. Rd2 b5 28. a3 b4 29. cxb4 axb4 30. axb4 Rb8 31. Rc1 Rxb4 32. Rc3 1/2-1/2

[Event "SUI-ch U14"]
[Site "Geneve"]
[Date "2013.06.29"]
[Round "5"]
[White "Sriram, Pranav"]
[Black "Rohrer, Christophe"]
[Result "1/2-1/2"]
[WhiteElo "1602"]
[BlackElo "1925"]
[PlyCount "94"]
[EventDate "2013.06.27"]
[EventType "swiss"]
[EventRounds "7"]
[EventCountry "SUI"]
[SourceTitle "EXT 2014"]
[Source "ChessBase"]
[SourceDate "2013.11.20"]
[SourceVersion "1"]
[SourceVersionDate "2013.11.20"]
[SourceQuality "1"]

1. e4 c5 2. Nf3 e6 3. c4 Nc6 4. d4 cxd4 5. Nxd4 Nf6 6. Nc3 Bb4 7. f3 Qc7 8. Be3 a6 9. Be2 Ne5 10. Qb3 Be7 11. 0-0 d6 12. Rac1 0-0 13. Kh1 Bd7 14. Rfd1 Rac8 15. Re1 Qb8 16. Na4 Bxa4 17. Qxa4 Rfd8 18. b4 d5 19. exd5 exd5 20. c5 Nc6 21. Nxc6 Rxc6 22. Rcd1 Re6 23. Bd4 Nh5 24. Bd3 Qf4 25. b5 axb5 26. Bxb5 Qh4 27. Rxe6 fxe6 28. Qc2 Ng3+ 29. Kg1 Nf5 30. Bf2 Qf4 31. c6 bxc6 32. Qxc6 Bd6 33. g3 Qxf3 34. Rd3 Qe4 35. a4 Rf8 36. a5 Nh4 37. gxh4 Bxh2+ 38. Kf1 Qh1+ 39. Ke2 Qe4+ 40. Re3 Rxf2+ 41. Kxf2 Bg1+ 42. Kf1 Qf4+ 43. Kxg1 Qxe3+ 44. Kg2 Qe4+ 45. Kf1 Qf3+ 46. Ke1 Qe4+ 47. Kd1 Qb1+ 1/2-1/2